Yerma: la casa de Bernarda Alba: textos completos

Shranjeno v:
Bibliografske podrobnosti
Main Authors: García Lorca, Federico (autor), Scarpa, Roque Esteban (Author)
Format: Knjiga
Jezik:španščina
Izdano: Santiago Andrés Bello 1991
Izdaja:4a. ed
Serija:Biblioteca Andrés Bello, 35
Teme:
Oznake: Označite
Brez oznak, prvi označite!

MARC

LEADER 00000nam a2200000 a 4500
001 UCH4232
003 CL-VaPUC
008 090818e19910000CL |||||||||||||||||spa|d
082 0 4 |a 862  |b GAR  |2 21 
100 |a García Lorca, Federico   |e autor   |9 315690 
700 0 |a Scarpa, Roque Esteban  |e author  |9 368404 
245 1 0 |a Yerma: la casa de Bernarda Alba: textos completos 
246 1 3 |a La casa de Bernarda Alba 
250 |a 4a. ed 
300 |a 139 p 
942 |c BK 
945 |d 20090818 00:00:00  |a lazolas 
260 |a Santiago  |b Andrés Bello  |c 1991 
650 0 |a Dramas españoles  |9 267081 
650 0 |a Teatro español  |9 265077 
583 |a last modification  |c 20090818 00:00:00  |k Rodrigo Vera 
490 0 |a Biblioteca Andrés Bello, 35 
999 |c 335567  |d 335565